[Event "Reykjavik Open 2014"]
[Site "Harpa - reykjavik"]
[Date "2014.03.07"]
[Round "5.1"]
[White "Van Kampen, Robin"]
[Black "Rapport, Richard"]
[Result "1-0"]
[WhiteElo "2603"]
[BlackElo "2681"]
[EventDate "2014.??.??"]
[PlyCount "80"]
[TimeControl "6000+1845"]
[WhiteClock "0:31:21"]
[BlackClock "0:32:46"]

1.e4 d6 2.d4 g6 3.Nc3 Bg7 4.f4 Nf6 5.Nf3 c5 6.dxc5 Qa5 7.Qd4 O-O 8.Bd2 Nc6
9.Qc4 Qd8 10.O-O-O Be6 11.Qa4 Ng4 12.Rg1 a6 13.h3 Nf2 14.Re1 dxc5 15.Qa3 
Nd4 16.Ng5 Bd7 17.Nd5 Bc6 18.Qxc5 Bxd5 19.Qxd5 Rc8 20.Qxd8 Rfxd8 21.c3 h6 
22.Nf3 Nxh3 23.Nxd4 Bxd4 24.Rh1 Nf2 25.Rxh6 b5 26.a3 Bb6 27.Kc2 Rd7 28.Bc1
Rcd8 29.e5 e6 30.f5 Rd1 31.Bg5 Be3 32.Rxe3 R8d2+ 33.Kb3 Rb1 34.Kb4 Ng4 35.
Reh3 Nxh6 36.Rxh6 Rdxb2+ 37.Ka5 Kg7 38.Bd3 Re1 39.fxg6 fxg6 40.Rxg6+ Kf7 
1-0

[Event "Reykjavik Open 2014"]
[Site "Harpa - reykjavik"]
[Date "2014.03.07"]
[Round "5.2"]
[White "Grandelius, Nils"]
[Black "L'ami, Erwin"]
[Result "0-1"]
[WhiteElo "2600"]
[BlackElo "2646"]
[EventDate "2014.??.??"]
[PlyCount "88"]
[TimeControl "6000+1940"]
[WhiteClock "0:28:53"]
[BlackClock "0:51:37"]

1.d4 Nf6 2.c4 e6 3.Nc3 Bb4 4.Qc2 O-O 5.Nf3 d5 6.cxd5 exd5 7.Bf4 c5 8.dxc5 
Ne4 9.e3 Bf5 10.Bd3 Nd7 11.Bd6 Bxc3+ 12.bxc3 Nxd6 13.cxd6 Bxd3 14.Qxd3 Nf6
15.O-O Qxd6 16.Rab1 b6 17.c4 Qc5 18.cxd5 Qxd5 19.Qa6 Ne4 20.Rfd1 Qe6 21.
Rbc1 Nc5 22.Qc4 Rad8 23.Qxe6 Nxe6 24.Nd4 Nxd4 25.Rxd4 Rxd4 26.exd4 Rd8 27.
Rc7 a6 28.Kf1 h5 29.Rc4 Kf8 30.Ke2 Ke7 31.Kd3 Kd6 32.d5 Rd7 33.g4 b5 34.
Rf4 hxg4 35.Rxg4 g6 36.Rg5 Rc7 37.f4 Rc1 38.h4 Rd1+ 39.Ke4 Rh1 40.Rg2 Rxh4
41.Rg1 f5+ 42.Ke3 Kxd5 43.Rxg6 Rh3+ 44.Ke2 Ra3 0-1

[Event "Reykjavik Open 2014"]
[Site "Harpa - reykjavik"]
[Date "2014.03.07"]
[Round "5.3"]
[White "Amin, Bassem"]
[Black "Hansen, Eric"]
[Result "1-0"]
[WhiteElo "2657"]
[BlackElo "2587"]
[EventDate "2014.??.??"]
[PlyCount "55"]
[TimeControl "6000+1260"]
[WhiteClock "0:19:59"]
[BlackClock "0:02:51"]

1.e4 e5 2.Nc3 Nf6 3.g3 Bc5 4.Bg2 O-O 5.d3 c6 6.Nf3 d6 7.O-O Re8 8.Qe1 Nbd7
9.Na4 Bb6 10.Nxb6 axb6 11.b3 d5 12.Bb2 Qc7 13.a4 dxe4 14.dxe4 b5 15.axb5 
Rxa1 16.Bxa1 cxb5 17.Qe2 b6 18.Rd1 b4 19.Ne1 Bb7 20.Qd2 Nc5 21.f3 h5 22.
Qxb4 h4 23.Qd2 Qc8 24.b4 h3 25.Bf1 Ncxe4 26.fxe4 Bxe4 27.Nd3 Ba8 28.Nf2 
1-0

[Event "Reykjavik Open 2014"]
[Site "Harpa - reykjavik"]
[Date "2014.03.07"]
[Round "5.4"]
[White "Li, Chao b"]
[Black "Harika, Dronavalli"]
[Result "1-0"]
[WhiteElo "2700"]
[BlackElo "2487"]
[EventDate "2014.??.??"]
[PlyCount "107"]
[TimeControl "6000+1135"]
[WhiteClock "0:41:08"]
[BlackClock "0:34:54"]

1.d4 e6 2.Nf3 Nf6 3.g3 d5 4.c4 Be7 5.Bg2 O-O 6.Qc2 dxc4 7.Nbd2 Nc6 8.Qxc4 
Qd5 9.O-O Rd8 10.e3 Qxc4 11.Nxc4 Bd7 12.Bd2 Ne4 13.Rfc1 Nxd2 14.Nfxd2 Bd6 
15.a3 Rab8 16.b4 a6 17.Ne4 Be8 18.d5 exd5 19.Nexd6 cxd6 20.Bxd5 Ne7 21.Bg2
Bc6 22.Na5 Bxg2 23.Kxg2 b6 24.Nc6 Nxc6 25.Rxc6 Kf8 26.Kf3 d5 27.Ke2 Ke7 
28.Rac1 Rd6 29.Rc7+ Rd7 30.Kd3 Rb7 31.Rc8 b5 32.R1c2 Rb6 33.Ra8 g5 34.Rcc8
Kf6 35.g4 d4 36.e4 Kg7 37.Rc5 h6 38.Rcc8 Kf6 39.Re8 Re6 40.Rxe6+ fxe6 41.
Rxa6 Rc7 42.Kxd4 Rc4+ 43.Kd3 Rc1 44.Ra5 Ra1 45.Kd4 Ra2 46.e5+ Kg6 47.Ke3 
h5 48.h3 h4 49.Kf3 Kf7 50.Kg2 Ra1 51.Rxb5 Rxa3 52.Rb7+ Kf8 53.b5 Rb3 54.b6
1-0

[Event "Reykjavik Open 2014"]
[Site "Harpa - reykjavik"]
[Date "2014.03.07"]
[Round "5.5"]
[White "Elsness, Frode"]
[Black "Kobalia, Mikhail"]
[Result "0-1"]
[WhiteElo "2479"]
[BlackElo "2646"]
[EventDate "2014.??.??"]
[PlyCount "76"]
[TimeControl "6000+1600"]
[WhiteClock "0:00:37"]
[BlackClock "0:04:55"]

1.d4 d5 2.c4 c6 3.Nc3 Nf6 4.e3 e6 5.Nf3 Nbd7 6.Qc2 Bd6 7.b3 O-O 8.Be2 b6 
9.Bb2 Bb7 10.O-O Qe7 11.Rad1 Rad8 12.Rfe1 c5 13.cxd5 exd5 14.Bf1 Rfe8 15.
g3 Rc8 16.Qf5 Qe6 17.Bh3 c4 18.Qxe6 fxe6 19.bxc4 Rxc4 20.Rc1 a6 21.Nd2 Rc7
22.f4 b5 23.e4 b4 24.e5 bxc3 25.Rxc3 Rxc3 26.Bxc3 Bxe5 27.dxe5 Ne4 28.Nxe4
dxe4 29.Rd1 Nc5 30.Rd6 e3 31.Bb4 Rc8 32.Bg4 h5 33.Bxh5 Bd5 34.Kf1 Nd3 35.
Ba3 Rc2 36.Be2 Nc1 37.Bxa6 Bf3 38.Ke1 Rxh2 0-1

[Event "Reykjavik Open 2014"]
[Site "Harpa - reykjavik"]
[Date "2014.03.07"]
[Round "5.6"]
[White "Ezat, Mohamed"]
[Black "Gretarsson, Hjorvar Steinn"]
[Result "1/2-1/2"]
[WhiteElo "2439"]
[BlackElo "2511"]
[EventDate "2014.??.??"]
[PlyCount "22"]
[TimeControl "6000+1260"]
[WhiteClock "1:07:31"]
[BlackClock "1:21:01"]

1.d4 Nf6 2.c4 e6 3.Nc3 Bb4 4.Qc2 O-O 5.a3 Bxc3+ 6.Qxc3 d5 7.Bg5 c5 8.e3 h6
9.Bxf6 Qxf6 10.Nf3 cxd4 11.Qxd4 Qxd4 1/2-1/2

[Event "Reykjavik Open 2014"]
[Site "Harpa - reykjavik"]
[Date "2014.03.07"]
[Round "5.7"]
[White "Idani, Pouya"]
[Black "Bekker-Jensen, Simon"]
[Result "1/2-1/2"]
[WhiteElo "2496"]
[BlackElo "2418"]
[EventDate "2014.??.??"]
[PlyCount "93"]
[TimeControl "6000+890"]
[WhiteClock "0:37:17"]
[BlackClock "0:31:29"]

1.Nf3 Nf6 2.c4 g6 3.Nc3 Bg7 4.e4 d6 5.d4 O-O 6.Be2 e5 7.O-O Nc6 8.Be3 Ng4 
9.Bg5 f6 10.Bh4 g5 11.Bg3 Nh6 12.d5 Ne7 13.Nd2 c5 14.dxc6 bxc6 15.b4 f5 
16.exf5 Nhxf5 17.b5 Nd4 18.bxc6 Nexc6 19.Bd3 Be6 20.Be4 Rc8 21.Nd5 Ne7 22.
Ne3 d5 23.cxd5 Nxd5 24.Nxd5 Bxd5 25.Kh1 Bxe4 26.Nxe4 Rc2 27.Qg4 h6 28.h4 
Qc8 29.Qxc8 Rfxc8 30.hxg5 hxg5 31.Nxg5 e4 32.Rab1 Rxa2 33.Nxe4 a5 34.Rb7 
Nf5 35.Bc7 a4 36.g4 Rc2 37.Bf4 Nh4 38.Bg3 a3 39.Bxh4 Rc1 40.Bf6 Rxf1+ 41.
Kg2 Bxf6 42.Nxf6+ Kf8 43.Ra7 Ra1 44.Nh7+ Kg8 45.Nf6+ Kf8 46.Nh7+ Kg8 47.
Nf6+ 1/2-1/2

[Event "Reykjavik Open 2014"]
[Site "Harpa - reykjavik"]
[Date "2014.03.07"]
[Round "5.8"]
[White "Urkedal, Frode"]
[Black "Gullaksen, Eirik"]
[Result "1/2-1/2"]
[WhiteElo "2495"]
[BlackElo "2359"]
[EventDate "2014.??.??"]
[PlyCount "118"]
[TimeControl "6000+1240"]
[WhiteClock "0:03:12"]
[BlackClock "0:28:21"]

1.d4 Nf6 2.c4 g6 3.Nc3 Bg7 4.e4 O-O 5.Bg5 d6 6.f3 a6 7.Qd2 c5 8.d5 b5 9.
cxb5 axb5 10.Bxb5 Ba6 11.Bxa6 Nxa6 12.Nge2 Qb6 13.O-O Rfb8 14.Rab1 Nc7 15.
Be3 Qa6 16.a4 Rb4 17.b3 Rab8 18.Nc1 Nd7 19.Qc2 Bxc3 20.Qxc3 Rxa4 21.Nd3 
Nb5 22.Qd2 Ra2 23.Rb2 Rxb2 24.Qxb2 Nd4 25.Bxd4 Qxd3 26.Bc3 f6 27.h3 Ne5 
28.Rb1 Nxf3+ 29.gxf3 Qxf3 30.Qc2 Qg3+ 31.Kf1 f5 32.exf5 Rf8 33.f6 exf6 34.
Re1 Qxh3+ 35.Kg1 Qg3+ 36.Kf1 Qf3+ 37.Kg1 Qxd5 38.Re2 Kf7 39.Rh2 Qg5+ 40.
Kf1 Kg8 41.Qe4 Qc1+ 42.Be1 Qd1 43.Qe6+ Kg7 44.Qe7+ Rf7 45.Rxh7+ Kxh7 46.
Qxf7+ Kh6 47.Qxf6 Qxb3 48.Bd2+ Kh7 49.Bc3 Qd1+ 50.Kf2 Qc2+ 51.Ke3 Qc1+ 52.
Kd3 Qd1+ 53.Kc4 Qa4+ 54.Kd3 Qd1+ 55.Ke3 Qc1+ 56.Kf2 Qc2+ 57.Kg1 Qb1+ 58.
Kh2 Qc2+ 59.Kg3 Qd3+ 1/2-1/2

[Event "Reykjavik Open 2014"]
[Site "Harpa - reykjavik"]
[Date "2014.03.07"]
[Round "5.9"]
[White "Aravindh, Chithambaram Vr"]
[Black "Naiditsch, Arkadij"]
[Result "0-1"]
[WhiteElo "2395"]
[BlackElo "2706"]
[EventDate "2014.??.??"]
[PlyCount "82"]
[TimeControl "6000+1425"]
[WhiteClock "0:26:50"]
[BlackClock "0:59:00"]

1.e4 e5 2.Nf3 Nc6 3.Bb5 a6 4.Ba4 Nge7 5.O-O g6 6.c3 Bg7 7.d4 exd4 8.cxd4 
O-O 9.d5 b5 10.Bc2 Nb4 11.Bb3 a5 12.a3 Na6 13.a4 bxa4 14.Bxa4 Nc5 15.Bc2 
d6 16.Nc3 Bg4 17.h3 Bxf3 18.Qxf3 f5 19.Bg5 h6 20.Bxe7 Qxe7 21.exf5 gxf5 
22.Bxf5 Qg5 23.g4 Bxc3 24.bxc3 Nb3 25.Ra4 Nd2 26.Qd3 Nxf1 27.Kxf1 Kh8 28.
Kg2 Qg7 29.f4 Rfb8 30.Qc2 Rb6 31.Re4 Rab8 32.Kg3 Rb3 33.Re3 a4 34.Kh4 Rg8 
35.Kg3 Qf6 36.h4 Rf8 37.h5 Rfb8 38.Bd7 a3 39.Ba4 Rb2 40.Qd3 Rf8 41.Bc2 
Rxc2 0-1

[Event "Reykjavik Open 2014"]
[Site "Harpa - reykjavik"]
[Date "2014.03.07"]
[Round "5.10"]
[White "Berkes, Ferenc"]
[Black "Karavade, Eesha"]
[Result "1-0"]
[WhiteElo "2687"]
[BlackElo "2408"]
[EventDate "2014.??.??"]
[PlyCount "103"]
[TimeControl "6000+1535"]
[WhiteClock "0:24:31"]
[BlackClock "0:25:21"]

1.d4 Nf6 2.Nf3 e6 3.c4 d5 4.Nc3 Bb4 5.Bg5 h6 6.Bh4 g5 7.Bg3 Ne4 8.Qc2 Nc6 
9.e3 Bd7 10.Bd3 Bxc3+ 11.bxc3 Nxg3 12.hxg3 dxc4 13.Bxc4 Qe7 14.Rb1 O-O-O 
15.O-O h5 16.Ba6 bxa6 17.Qb3 Be8 18.Rfd1 Nb4 19.Qa3 f6 20.Rxb4 Rd6 21.Rb2 
h4 22.Rdb1 Qh7 23.Rb8+ Kd7 24.Qa4+ Ke7 25.Qc4 Bc6 26.gxh4 gxh4 27.Rxh8 
Qxh8 28.d5 Bxd5 29.Qxc7+ Rd7 30.Qc5+ Kf7 31.Rb4 Bxf3 32.gxf3 h3 33.Kh2 f5 
34.Rd4 Rb7 35.Rb4 Rd7 36.Rd4 Rb7 37.Qd6 Qh5 38.Qg3 Qh8 39.Rh4 Qg7 40.Kxh3 
Qxg3+ 41.Kxg3 Kf6 42.Ra4 Rb6 43.f4 Rc6 44.c4 Kf7 45.Kf3 Ke7 46.Ke2 Kd7 47.
Kd3 Rd6+ 48.Kc3 Kc7 49.c5 Rd5 50.Kc4 Kb7 51.Ra3 Rd2 52.f3 1-0

[Event "Reykjavik Open 2014"]
[Site "Harpa - reykjavik"]
[Date "2014.03.07"]
[Round "5.11"]
[White "Arngrimsson, Dagur"]
[Black "Jones, Gawain C B"]
[Result "0-1"]
[WhiteElo "2382"]
[BlackElo "2651"]
[LiveChessVersion "1.4.2"]

1.d4 
    {[%clk 1:30:48]}
1...Nf6 
    {[%clk 1:30:58]}
2.c4 
    {[%clk 1:31:10]}
2...e6 
    {[%clk 1:31:23]}
3.Nc3 
    {[%clk 1:31:24]}
3...Bb4 
    {[%clk 1:31:48]}
4.Qc2 
    {[%clk 1:31:49]}
4...O-O 
    {[%clk 1:32:10]}
5.a3 
    {[%clk 1:32:16]}
5...Bxc3+ 
    {[%clk 1:32:32]}
6.Qxc3 
    {[%clk 1:32:42]}
6...b5 
    {[%clk 1:32:54]}
7.cxb5 
    {[%clk 1:33:04]}
7...c6 
    {[%clk 1:33:19]}
8.Bg5 
    {[%clk 1:31:27]}
8...cxb5 
    {[%clk 1:32:48]}
9.Qd3 
    {[%clk 1:26:46]}
9...Nc6 
    {[%clk 1:27:39]}
10.Nf3 
    {[%clk 1:18:56]}
10...h6 
    {[%clk 1:26:42]}
11.Bxf6 
    {[%clk 1:12:44]}
11...Qxf6 
    {[%clk 1:26:48]}
12.e3 
    {[%clk 1:12:45]}
12...a6 
    {[%clk 1:21:38]}
13.Be2 
    {[%clk 1:11:57]}
13...Bb7 
    {[%clk 1:21:48]}
14.O-O 
    {[%clk 1:12:07]}
14...Rac8 
    {[%clk 1:15:45]}
15.Rfc1 
    {[%clk 1:09:26]}
15...Na5 
    {[%clk 1:09:30]}
16.Nd2 
    {[%clk 1:04:34]}
16...Qg5 
    {[%clk 1:01:14]}
17.Bf3 
    {[%clk 1:02:27]}
17...Bxf3 
    {[%clk 1:00:38]}
18.Nxf3 
    {[%clk 1:02:49]}
18...Qd5 
    {[%clk 1:00:47]}
19.Rc3 
    {[%clk 0:57:31]}
19...Rxc3 
    {[%clk 0:45:13]}
20.Qxc3 
    {[%clk 0:57:22]}
20...Nc4 
    {[%clk 0:45:18]}
21.Ne5 
    {[%clk 0:44:26]}
21...Rc8 
    {[%clk 0:40:16]}
22.Rc1 
    {[%clk 0:44:08]}
22...Nb6 
    {[%clk 0:33:23]}
23.Qd2 
    {[%clk 0:43:03]}
23...Rxc1+ 
    {[%clk 0:33:27]}
24.Qxc1 
    {[%clk 0:43:24]}
24...d6 
    {[%clk 0:23:55]}
25.Nd3 
    {[%clk 0:28:31]}
25...Qb3 
    {[%clk 0:22:32]}
26.Nb4 
    {[%clk 0:26:42]}
26...Nc4 
    {[%clk 0:20:58]}
27.Nxa6 
    {[%clk 0:26:47]}
27...Nxb2 
    {[%clk 0:20:46]}
28.Qc8+ 
    {[%clk 0:18:19]}
28...Kh7 
    {[%clk 0:21:12]}
29.h4 
    {[%clk 0:18:18]}
29...Nd3 
    {[%clk 0:19:16]}
30.Qb7 
    {[%clk 0:15:48]}
30...Qd1+ 
    {[%clk 0:16:59]}
31.Kh2 
    {[%clk 0:16:13]}
31...Nxf2 
    {[%clk 0:17:15]}
32.Qf3 
    {[%clk 0:13:54]}
32...Qe1 
    {[%clk 0:17:17]}
33.Kg3 
    {[%clk 0:08:22]}
33...Nd1+ 
    {[%clk 0:16:14]}
0-1

[Event "Reykjavik Open 2014"]
[Site "Harpa - reykjavik"]
[Date "2014.03.07"]
[Round "5.12"]
[White "Olafsson, Helgi"]
[Black "Edvardsson, Kristjan"]
[Result "1-0"]
[WhiteElo "2546"]
[BlackElo "2233"]
[EventDate "2014.??.??"]
[PlyCount "67"]
[TimeControl "6000+790"]
[WhiteClock "0:25:36"]
[BlackClock "0:00:51"]

1.d4 Nf6 2.c4 e6 3.Nf3 b6 4.g3 Bb7 5.Bg2 Bb4+ 6.Nbd2 c6 7.O-O d5 8.Qc2 O-O
9.e4 Bxd2 10.Nxd2 Nxe4 11.Nxe4 dxe4 12.Qxe4 Nd7 13.b3 Rc8 14.Bb2 Rc7 15.
Qf4 Re8 16.Rfe1 Nf8 17.Rad1 Rd7 18.Qg4 Qf6 19.Rd2 Qg6 20.Qf4 Red8 21.Be4 
Qh5 22.Bf3 Qa5 23.Rde2 Ng6 24.Qg4 Qxa2 25.d5 f5 26.Qg5 cxd5 27.Bxg7 Qxb3 
28.Bh5 dxc4 29.Bf6 Kf7 30.Bxd8 Qc3 31.Rxe6 Be4 32.R1xe4 fxe4 33.Qf5+ Kg8 
34.Re8+ 1-0

[Event "Reykjavik Open 2014"]
[Site "Harpa - reykjavik"]
[Date "2014.03.07"]
[Round "5.13"]
[White "Gajewski, Grzegorz"]
[Black "Thorfinnsson, Bjorn"]
[Result "1-0"]
[WhiteElo "2631"]
[BlackElo "2389"]
[EventDate "2014.??.??"]
[PlyCount "63"]
[TimeControl "6000+820"]
[WhiteClock "0:17:50"]
[BlackClock "0:05:21"]

1.d4 Nf6 2.c4 e6 3.Nf3 b6 4.Nc3 Bb7 5.g3 d5 6.cxd5 Nxd5 7.Bg2 Be7 8.O-O 
O-O 9.Nxd5 Bxd5 10.Qc2 Nd7 11.e4 Bb7 12.Bf4 Rc8 13.Rad1 h6 14.d5 exd5 15.
exd5 Bd6 16.Bxd6 cxd6 17.Qa4 a6 18.Nd4 b5 19.Qb4 Ne5 20.Nf5 Rc5 21.Rfe1 a5
22.Qd4 Rc4 23.Qa7 Bc8 24.Ne7+ Kh8 25.Nc6 Nxc6 26.dxc6 Be6 27.Rc1 d5 28.b3 
Rxc1 29.Rxc1 a4 30.c7 Qd7 31.Qc5 Ra8 32.Bxd5 1-0

[Event "Reykjavik Open 2014"]
[Site "Harpa - reykjavik"]
[Date "2014.03.07"]
[Round "5.14"]
[White "Rozentalis, Eduardas"]
[Black "Gledura, Benjamin"]
[Result "1-0"]
[WhiteElo "2623"]
[BlackElo "2385"]
[EventDate "2014.??.??"]
[PlyCount "125"]
[TimeControl "6000+780"]
[WhiteClock "0:16:06"]
[BlackClock "0:04:15"]

1.e4 c6 2.c4 d5 3.exd5 cxd5 4.cxd5 Nf6 5.Bb5+ Nbd7 6.Nc3 g6 7.d4 Bg7 8.d6 
e6 9.Nf3 O-O 10.O-O Nb6 11.Bf4 Nh5 12.Be5 f6 13.Bg3 Nxg3 14.hxg3 Qxd6 15.
Qb3 Bd7 16.Rfe1 Rfe8 17.Rad1 Bxb5 18.Nxb5 Qd7 19.Nd2 Nd5 20.Ne4 b6 21.a4 
Rad8 22.Nec3 Kf7 23.Nxd5 exd5 24.Rxe8 Rxe8 25.Rc1 Kg8 26.Kh2 Qf5 27.Nd6 
Qh5+ 28.Kg1 Re6 29.Nb5 Bh6 30.Rf1 Re4 31.Qc3 Qe2 32.Nd6 Re7 33.Qc6 Qe6 34.
Nc8 Re8 35.Nxa7 Qxc6 36.Nxc6 Re6 37.Nb4 Bf8 38.Nxd5 Rd6 39.Nc3 Rxd4 40.Rd1
Rb4 41.Rd7 Rxb2 42.Nd5 Bg7 43.g4 Kf8 44.Rb7 f5 45.Rxb6 Rxb6 46.Nxb6 fxg4 
47.a5 Bd4 48.Nc8 g3 49.Kf1 Bxf2 50.Ke2 h5 51.Kf3 Kg7 52.a6 Kf6 53.a7 Bxa7 
54.Nxa7 Kf5 55.Kxg3 g5 56.Nc6 Ke4 57.Nd8 Kf5 58.Nf7 Kf6 59.Nd6 Ke5 60.Nc4+
Ke4 61.Nd2+ Kf5 62.Nf3 h4+ 63.Nxh4+ 1-0

[Event "Reykjavik Open 2014"]
[Site "Harpa - reykjavik"]
[Date "2014.03.07"]
[Round "5.15"]
[White "Ramirez, Alejandro"]
[Black "Cawdery, Daniel"]
[Result "1/2-1/2"]
[WhiteElo "2599"]
[BlackElo "2362"]
[EventDate "2014.??.??"]
[PlyCount "48"]

1.e4 c5 2.Nf3 Nc6 3.d4 cxd4 4.Nxd4 Nf6 5.Nc3 e5 6.Ndb5 d6 7.Nd5 Nxd5 8.
exd5 Nb8 9.a4 Be7 10.Be2 O-O 11.O-O a6 12.Na3 Nd7 13.Nc4 Nb6 14.Nxb6 Qxb6 
15.a5 Qc7 16.Be3 f5 17.Bb6 Qd7 18.c4 Qe8 19.b4 f4 20.f3 Rf6 21.g4 fxg3 22.
hxg3 Rh6 23.Be3 Rh3 24.Kg2 Rxg3+ 1/2-1/2

[Event "Reykjavik Open 2014"]
[Site "Harpa - reykjavik"]
[Date "2014.03.07"]
[Round "5.16"]
[White "Stefansson, Hannes"]
[Black "Abrahamyan, Tatev"]
[Result "1-0"]
[WhiteElo "2541"]
[BlackElo "2376"]
[EventDate "2014.??.??"]
[PlyCount "75"]
[TimeControl "6000+965"]
[WhiteClock "0:29:04"]
[BlackClock "0:01:45"]

1.d4 Nf6 2.c4 e6 3.Nf3 c5 4.d5 d6 5.Nc3 exd5 6.cxd5 g6 7.Bf4 a6 8.a4 Bg7 
9.h3 O-O 10.e3 Qe7 11.Be2 Nbd7 12.O-O Ne8 13.Re1 Ne5 14.Nxe5 Bxe5 15.Bxe5 
Qxe5 16.a5 f5 17.Na4 Nf6 18.Nb6 Rb8 19.Nc4 Qe7 20.b4 cxb4 21.Rb1 Ne4 22.
Rxb4 Qh4 23.Rf1 f4 24.Bf3 Ng5 25.Nxd6 Bxh3 26.gxh3 Nxh3+ 27.Kg2 Nxf2 28.
Rxf2 Qg3+ 29.Kf1 fxe3 30.Ne4 Qh4 31.Rg2 Rf4 32.Ke2 Rbf8 33.Qe1 Qxe1+ 34.
Kxe1 Rxf3 35.d6 R3f5 36.Rg5 Rd8 37.Rd4 Rf7 38.d7 1-0

[Event "Reykjavik Open 2014"]
[Site "Harpa - reykjavik"]
[Date "2014.03.07"]
[Round "5.17"]
[White "Molner, Mackenzie"]
[Black "Vojinovic, Jovana"]
[Result "1-0"]
[WhiteElo "2528"]
[BlackElo "2323"]
[EventDate "2014.??.??"]
[PlyCount "93"]
[TimeControl "6000+805"]
[WhiteClock "0:16:00"]
[BlackClock "0:12:58"]

1.e4 e6 2.d4 d5 3.Nd2 Ne7 4.Ngf3 Nd7 5.Bd3 Ng6 6.e5 c5 7.c3 c4 8.Bc2 f5 9.
h4 Be7 10.h5 Nh4 11.Nxh4 Bxh4 12.Nf3 Be7 13.Bf4 b5 14.Qd2 b4 15.Bg5 bxc3 
16.bxc3 Rb8 17.h6 g6 18.Ke2 O-O 19.Rhb1 Rxb1 20.Rxb1 Rf7 21.Bxe7 Qxe7 22.
Qg5 Qa3 23.Kd2 Qa5 24.a4 Qc7 25.Rb5 a6 26.Rxd5 exd5 27.e6 Rf8 28.Qe7 Qf4+ 
29.Kd1 Qxh6 30.exd7 Qh1+ 31.Kd2 Qh6+ 32.Kd1 Qh1+ 33.Ke2 Bxd7 34.Qxd7 Qc1 
35.Qxd5+ Kg7 36.Qb7+ Rf7 37.Qb1 Re7+ 38.Ne5 Qg5 39.Qb4 Kh6 40.Kd1 Qh5+ 41.
g4 Qh1+ 42.Kd2 Qh4 43.gxf5 a5 44.Qb8 Qg5+ 45.Ke2 Qg4+ 46.Kf1 Qh3+ 47.Kg1 
1-0

[Event "Reykjavik Open 2014"]
[Site "Harpa - reykjavik"]
[Date "2014.03.07"]
[Round "5.18"]
[White "Bisby, Daniel L"]
[Black "Kristjansson, Stefan"]
[Result "0-1"]
[WhiteElo "2314"]
[BlackElo "2503"]
[EventDate "2014.??.??"]
[PlyCount "72"]
[TimeControl "6000+1385"]
[WhiteClock "0:01:23"]
[BlackClock "0:01:55"]

1.e4 c5 2.Nf3 e6 3.d4 cxd4 4.Nxd4 Nc6 5.Nc3 Qc7 6.Be3 a6 7.Be2 Nf6 8.a3 b5
9.Nxc6 dxc6 10.f4 e5 11.fxe5 Qxe5 12.Bd4 Qf4 13.Rf1 Qxh2 14.Qd3 Be6 15.e5 
Nd5 16.Nxd5 cxd5 17.O-O-O Be7 18.Kb1 Rc8 19.a4 bxa4 20.Qxa6 O-O 21.Qd3 g6 
22.Qd2 Qxg2 23.Rf2 Qg5 24.Be3 Qg3 25.Rf3 Qxe5 26.Bd4 Qg5 27.Be3 Qh4 28.Rf4
Qh2 29.Bd4 Bg5 30.Be3 Rfe8 31.Rf3 Bxe3 32.Rxe3 Bf5 33.Rxe8+ Rxe8 34.Bb5 
Qxd2 35.Rxd2 Re4 36.Bd3 Rd4 0-1

[Event "N1 Reykjavik Open 2014"]
[Site "Reykjavik, Iceland"]
[Date "2014.03.07"]
[Round "5.19"]
[White "Danielsen, Henrik"]
[Black "Dubessay, Bastien"]
[Result "1-0"]
[WhiteElo "2501"]
[BlackElo "2362"]
[EventDate "2014.03.04"]
[PlyCount "0"]

1.g3 Nf6 2.Bg2 g6 3.c4 Bg7 4.Nc3 O-O 5.d4 Re8 6.Nf3 d5 7.cxd5 Nxd5 8.O-O 
Nb6 9.Bf4 Nc6 10.d5 Na5 11.Qc2 Bd7 12.Rfd1 Qc8 13.Rac1 c6 14.Ne5 Bf5 15.e4
Bh3 16.b4 Nac4 17.Bxh3 Qxh3 18.Nxc4 Nxc4 19.dxc6 bxc6 20.Na4 e5 21.Bg5 h6 
22.Qxc4 hxg5 23.Rd6 Rad8 24.Rcd1 Rxd6 25.Rxd6 Qg4 26.Kg2 Re7 27.h3 Qh5 28.
g4 Qh4 29.Qxc6 1-0

[Event "N1 Reykjavik Open 2014"]
[Site "Reykjavik, Iceland"]
[Date "2014.03.07"]
[Round "5.20"]
[White "Colovic, Aleksandar"]
[Black "Hauge, Lars Oskar"]
[Result "1/2-1/2"]
[WhiteElo "2493"]
[BlackElo "2308"]
[EventDate "2014.03.04"]
[PlyCount "0"]

1.d4 Nf6 2.c4 e6 3.g3 d5 4.Bg2 Bb4+ 5.Bd2 Be7 6.Nf3 O-O 7.O-O c6 8.Qc2 
Nbd7 9.Rd1 b6 10.Bf4 Bb7 11.Ne5 Nh5 12.Bd2 Nhf6 13.cxd5 cxd5 14.Nc6 Bxc6 
15.Qxc6 Qb8 16.Qb5 a6 17.Qd3 b5 18.e3 b4 19.Be1 Qb5 20.Bf1 Qb7 21.Nd2 Rfc8
22.Rac1 a5 23.Qb5 Qxb5 24.Bxb5 Nb6 25.f3 h5 26.h3 Kf8 27.g4 Ne8 28.b3 Nd6 
29.Bd3 Bf6 30.Bg3 Ke7 31.gxh5 Nd7 32.Kg2 e5 33.Bf2 a4 34.Rxc8 Nxc8 35.e4 
axb3 36.axb3 Ncb6 37.dxe5 Bxe5 38.Bb5 Ra5 39.Bf1 dxe4 40.fxe4 Bc3 41.h6 
gxh6 42.Nc4 Nxc4 43.Bxc4 Nc5 44.Kf3 Ne6 45.h4 Ra8 46.Rd5 Ra2 47.Rh5 Bd4 
48.Be3 Bxe3 49.Kxe3 Rc2 50.Rb5 Rc3+ 51.Kd2 Rh3 52.h5 Ng5 53.Bd5 Rxh5 54.
Rxb4 Kd6 55.Bb7 Rh2+ 56.Ke3 Ne6 57.Bc8 Rh3+ 58.Kf2 Ke5 59.Rb7 Rc3 60.Bxe6 
fxe6 61.Rh7 Kxe4 62.Rxh6 e5 63.Ke2 Rc2+ 64.Kd1 Rb2 65.Rh3 Kd4 66.Rh4+ e4 
67.Rh3 e3 68.Rh8 Rxb3 69.Rd8+ Ke4 70.Re8+ Kd4 71.Rd8+ 1/2-1/2

[Event "N1 Reykjavik Open 2014"]
[Site "Reykjavik, Iceland"]
[Date "2014.03.07"]
[Round "5.21"]
[White "Pajeken, Wolfgang"]
[Black "Krush, Irina"]
[Result "0-1"]
[WhiteElo "2308"]
[BlackElo "2490"]
[EventDate "2014.03.04"]
[PlyCount "0"]

1.d4 Nf6 2.c4 e6 3.Nf3 d5 4.g3 Bb4+ 5.Nbd2 dxc4 6.Bg2 b5 7.O-O O-O 8.a4 c6
9.Ne5 Nd5 10.e4 Ne7 11.Qh5 f6 12.Ng4 Qe8 13.Qxe8 Rxe8 14.axb5 e5 15.b6 a5 
16.b7 Bxb7 17.dxe5 fxe5 18.Nxe5 c3 19.Ndc4 Ba6 20.b3 Bb5 21.Ba3 Na6 22.Nd6
Bxd6 23.Bxd6 Nc8 24.Nc4 Bxc4 25.bxc4 Nxd6 26.Rxa5 Nb4 0-1

[Event "N1 Reykjavik Open 2014"]
[Site "Reykjavik, Iceland"]
[Date "2014.03.07"]
[Round "5.22"]
[White "Panjwani, Raja"]
[Black "Khademalsharieh, Sarasadat"]
[Result "1/2-1/2"]
[WhiteElo "2460"]
[BlackElo "2294"]
[EventDate "2014.03.04"]
[PlyCount "0"]

1.Nf3 Nf6 2.c4 e6 3.Nc3 Bb4 4.Qc2 O-O 5.a3 Bxc3 6.Qxc3 b6 7.e3 Bb7 8.Be2 
d6 9.O-O Nbd7 10.b4 Qe7 11.Bb2 e5 12.Rae1 Ne4 13.Qc2 f5 14.d4 Ng5 15.Nxg5 
Qxg5 16.d5 a5 17.f4 Qh6 18.Rf3 axb4 19.axb4 Qh4 20.Ref1 Rae8 21.e4 fxe4 
22.Rh3 Qe7 23.f5 c6 24.Qxe4 cxd5 25.cxd5 Nf6 26.Qh4 h6 27.Rg3 Kh8 28.Bc1 
Bxd5 29.Rg6 Bg8 30.Bxh6 gxh6 31.Rxh6+ Bh7 32.g4 Nxg4 33.Qxe7 Rxe7 34.Bxg4 
Rg7 35.h3 d5 36.Rxb6 Bxf5 37.Kh2 Rgf7 38.Bh5 Rh7 39.Bg4 Rhf7 40.Bh5 Rh7 
41.Bg4 1/2-1/2

[Event "N1 Reykjavik Open 2014"]
[Site "Reykjavik, Iceland"]
[Date "2014.03.07"]
[Round "5.23"]
[White "Hamitevici, Vladimir"]
[Black "Prosviriakov, Vladimir"]
[Result "1-0"]
[WhiteElo "2456"]
[BlackElo "2269"]
[EventDate "2014.03.04"]
[PlyCount "91"]

1.d4 e6 2.c4 f5 3.g3 Nf6 4.Bg2 c6 5.Nh3 d6 6.Nc3 Be7 7.e4 fxe4 8.Nxe4 Qa5+
9.Bd2 Qf5 10.f3 e5 11.Nhf2 Qh5 12.Bb4 Nxe4 13.Nxe4 d5 14.Bxe7 dxe4 15.Bd6 
Bh3 16.O-O Bxg2 17.Kxg2 Qg6 18.dxe5 exf3+ 19.Qxf3 Nd7 20.Qf5 Nf8 21.h4 Ne6
22.h5 Qxf5 23.Rxf5 O-O-O 24.Rf7 Rd7 25.Raf1 Rhd8 26.h6 Rxf7 27.Rxf7 Rd7 
28.hxg7 Nxg7 29.Rf6 Ne8 30.Rf8 Kd8 31.c5 Rg7 32.Kf3 b6 33.b4 bxc5 34.bxc5 
a5 35.g4 a4 36.Rf4 Ra7 37.e6 a3 38.Rb4 Ra8 39.Rb7 h6 40.Kf4 Kc8 41.Re7 Kd8
42.Ke5 Ra4 43.Rb7 Ra8 44.Rd7+ Kc8 45.Re7 Kd8 46.Rb7 1-0

[Event "N1 Reykjavik Open 2014"]
[Site "Reykjavik, Iceland"]
[Date "2014.03.07"]
[Round "5.24"]
[White "Lie, Espen"]
[Black "Wunnink, Michael"]
[Result "1-0"]
[WhiteElo "2456"]
[BlackElo "2251"]
[EventDate "2014.03.04"]
[PlyCount "117"]

1.e4 e5 2.Nf3 Nc6 3.Bb5 a6 4.Ba4 Nf6 5.O-O Be7 6.d3 b5 7.Bb3 d6 8.a4 Bd7 
9.c3 O-O 10.Nbd2 Na5 11.Bc2 c5 12.Re1 b4 13.d4 cxd4 14.cxd4 Qc7 15.h3 h6 
16.Nb3 Rfc8 17.Bd3 Nxb3 18.Qxb3 a5 19.Bd2 Be6 20.d5 Bd7 21.Qd1 Be8 22.b3 
Nd7 23.Qe2 Nc5 24.Rec1 Qd8 25.Bc4 Rc7 26.Be3 Rac8 27.Bxc5 Rxc5 28.Ne1 Qb6 
29.Nd3 R5c7 30.Nb2 Bd7 31.Rd1 Qa7 32.Kh1 Bd8 33.Rf1 Bg5 34.Rab1 Qb6 35.Bd3
Rc1 36.Nc4 Rxf1+ 37.Rxf1 Qc5 38.f3 Be7 39.Qf2 Qxf2 40.Rxf2 Rc5 41.Rc2 Kf8 
42.Nb6 Rxc2 43.Bxc2 Ke8 44.Nc4 Kd8 45.Nxa5 Kc7 46.Nc4 Bc8 47.Bd3 Bh4 48.
Kg1 Be1 49.Kf1 Bc3 50.Ke2 h5 51.Na5 h4 52.Nc6 Bd7 53.Bb5 Kb6 54.Nd8 Bxb5+ 
55.axb5 Kxb5 56.Nxf7 Kc5 57.Kd3 Be1 58.Nd8 Kb6 59.Kc4 1-0